| 000 | 00415nab a2200145Ia 4500 | ||
|---|---|---|---|
| 003 | ES-SlBCS | ||
| 005 | 20210601133829.0 | ||
| 008 | 140529s1999 xxu||||| |||| 00| 0 por d | ||
| 041 | _apor | ||
| 100 | 1 |
_aWemeck, Vera Rudge _9210294 |
|
| 245 | 0 | 0 |
_aEcología e valor _c Vera Rudge Wemeck |
| 650 | 0 | 4 |
_aEcología _915891 |
| 773 | 0 |
_tPresença Filosofica _gvol. 23, nº. 1-2, 1999, págs. 116-123 _wRev966 |
|
| 942 | _cAR | ||
| 999 |
_c602800 _d602800 |
||